History Quiz

Random History or World Quiz

Battles of the World Quiz Stats

 Plays Quiz Updated Oct 11, 2018

Also try: Against All Odds
Challenge
Share
Tweet
Embed
Score 0/32 Timer 07:00
5 Plays Today
Battle Country % Correct
Battle of ThermopylaeGreece
91.4%
Battle of WarsawPoland
89.7%
Battle of QuebecCanada
89%
Battle of GettysburgUnited States
85.2%
Battle of StalingradRussia
84.7%
Siege of ViennaAustria
83.8%
Siege of ConstantinopleTurkey
83.3%
Battle of OkinawaJapan
82.9%
Bay of Pigs InvasionCuba
79.6%
Tet OffensiveVietnam
72.9%
Battle of HastingsUnited Kingdom
72.2%
Battle of LeipzigGermany
71%
Siege of TenochtitlanMexico
70.5%
Battle of AgincourtFrance
67.8%
Battle of WaterlooBelgium
63.5%
Battle of El AlameinEgypt
59.9%
Battle Country % Correct
Battle of MogadishuSomalia
59.8%
Battle of InchonSouth Korea
54.4%
Siege of SarajevoBosnia and Herzegovina
51.1%
Battle of Tora BoraAfghanistan
41.2%
Battle of CannaeItaly
38.8%
Battle of FeiChina
37.3%
Siege of TyreLebanon
37%
Siege of MasadaIsrael
33.8%
Battle of AusterlitzCzechia
33%
Battle of BalaclavaUkraine
29.7%
Battle of Gaugamela (Arbela)Iraq
25.4%
Battle of GuadalcanalSolomon Islands
22.7%
Battle of ZamaTunisia
21.3%
Battle of CajamarcaPeru
18.8%
Battle of PanipatIndia
18.7%
Battle of SalsuNorth Korea
6.4%

You're not logged in!

Compare scores with friends on all Sporcle quizzes.
OR
Log In

You Might Also Like...

Show Comments

Extras

Top Quizzes Today


Score Distribution

Your Account Isn't Verified!

In order to create a playlist on Sporcle, you need to verify the email address you used during registration. Go to your Sporcle Settings to finish the process.

Report this User

Report this user for behavior that violates our Community Guidelines.

Details: